Children during the Holocaust

Αποθηκεύτηκε σε:
Λεπτομέρειες βιβλιογραφικής εγγραφής
Κύριος συγγραφέας: Heberer, Patricia
Μορφή: Βιβλίο
Γλώσσα:English
Δημοσίευση: Lanham, Md. : AltaMira Press in association with the United States Holocaust Memorial Museum, 2011
Σειρά:Documenting life and destruction
Θέματα:
Ετικέτες: Προσθήκη ετικέτας
Δεν υπάρχουν, Καταχωρήστε ετικέτα πρώτοι!

MARC

LEADER 00000nam a2200000 i 4500
001 1/52811
008 140807s2011 eng d
020 |a 978-0-7591-1984-0 
035 |l 10118569 
040 |a GR-MY-UA  |b gre  |e aacr 
041 0 |a eng 
082 0 |a 940.5318083  |2 (23) 
100 1 |a Heberer, Patricia. 
245 1 0 |a Children during the Holocaust /  |c Patricia Heberer ; introduction by Nechama Tec; advisory committee, Christopher R. Browning ... [κ. α.] 
260 |a Lanham, Md. :   |b AltaMira Press in association with the United States Holocaust Memorial Museum,   |c 2011 
300 |a xli, 513 σ.;  |c 24 εκ. 
490 1 |a Documenting life and destruction  |v ; 4 
504 |a Περιλαμβάνει βιβλιογραφικές αναφορές και ευρετήριο 
505 0 |a Children in the early years of antisemitic persecution -- Children and the war -- Lives in the balance: escape and deportation -- Children in the world of the ghetto -- Children in the concentration camp universe -- Children in the web of racial hygiene policy -- The lives of others: "Aryan" children and the Nazi regime -- The world of the child -- Children and resistance and rescue -- Elsewhere, perhaps? Children and the end of the Holocaust. 
650 0 0 |a Jewish children in the Holocaust. 
650 0 0 |a Holocaust, Jewish (1939-1945). 
650 0 0 |a World War, 1939-1945  |x Children. 
830 0 |a Documenting life and destruction 
852 |a INST  |b LESVOS  |e 20140807  |h 940.5318083 HEB  |p 005100054404  |q 005100054404  |t BK  |y 4  |x 20200114 
901 |a BIBL1-2014-2 
909 |a Λ  |b 189901 
922 |a 1ΕΛΗ  |b 201406  |c ΤΚΑΙ  |d ΔΙΑΔΡΟΜΕΣ 
970 |a ΤΖΑΦΕΡΗ  |b ΕΥΑΓΓΕΛΙΑ  |z 2014/08/06